Carros por Foto - Statistics

Estatísticas Gerais
  • Esse quiz foi jogado 531 vezes
  • A pontuação média é 75 de 238
Estatísticas das Respostas
Imagem Hint Resposta % Correto
Jeep Renegade
88%
Fiat Uno
84%
Toyota Corolla
66%
Chevrolet Corsa
65%
Toyota Hilux
65%
Fiat Argo
64%
Nissan GT-R
64%
Volkswagen Nivus
63%
Land Rover Range Rover Evoque
62%
Chevrolet Camaro
61%
MINI Cooper
61%
Honda Civic
59%
Hyundai HB20
58%
Lamborghini Urus
57%
Toyota Etios
56%
Chevrolet Spin
56%
Volkswagen Up
56%
Ford Fusion
55%
Mitsubishi Lancer
55%
Renault Kwid
54%
Volkswagen Fusca
53%
Dodge Ram
53%
Ford Ranger
52%
Volkswagen Gol
51%
Volkswagen Golf
49%
Volkswagen Kombi
48%
Fiat Mobi
48%
Volkswagen Brasilia
47%
Renault Clio
47%
Toyota Corolla Cross
47%
Mitsubishi L200
47%
Volkswagen T-Cross
47%
Volkswagen Virtus
47%
Chevrolet Astra
46%
Fiat 500
45%
Jeep Compass
45%
Volvo XC60
45%
Land Rover Discovery
44%
Fiat Palio
44%
Toyota Supra
44%
Fiat Toro
44%
Nissan Kicks
43%
Ford Mustang
43%
Lamborghini Aventador
42%
Renault Duster
42%
Fiat Fastback
42%
Renault Logan
42%
Chevrolet Onix
42%
Volkswagen Polo
42%
BMW X4
42%
Porsche Cayenne
41%
Volkswagen Fox
41%
Ford Ka
41%
Land Rover Range Rover Velar
41%
BMW X7
41%
Audi A6
40%
Fiat Cronos
40%
Ford EcoSport
40%
Honda HR-V
40%
Fiat Idea
40%
Volkswagen Saveiro
40%
Fiat Strada
40%
Porsche 718 Cayman
39%
Audi A4
39%
Jeep Commander
39%
BYD Dolphin
39%
BMW M3
39%
Audi Q5
39%
Fiat Stilo
39%
Chery Tiggo 8
39%
Peugeot 206
38%
Peugeot 207
38%
Peugeot 208
38%
Dodge Challenger
38%
Volkswagen Jetta
38%
Volkswagen New Beetle
38%
Volkswagen Amarok
37%
Honda CR-V
37%
Fiat Doblò
37%
Hyundai i30
37%
BMW M2
37%
Audi R8
37%
Fiat Siena
37%
Volkswagen Voyage
37%
Chevrolet Cruze
36%
Fiat Fiorino
36%
Nissan Frontier
36%
Chevrolet Opala
36%
Volkswagen Parati
36%
Chevrolet Prisma
36%
Fiat Punto
36%
Renault Sandero
36%
Audi TT
36%
BMW X6
36%
Porsche 911 Carrera
35%
Chevrolet Cobalt
35%
Nissan March
35%
Chevrolet Meriva
35%
Volkswagen Tiguan
35%
BMW X5
35%
Chevrolet Chevette
34%
Volkswagen Passat
34%
Toyota Prius
34%
Audi Q8
34%
Chevrolet S10
34%
BMW X2
34%
Toyota Yaris
34%
Peugeot 2008
33%
BMW 320i
33%
Audi A3
33%
Citroën C3
33%
Hyundai Creta
33%
Chevrolet Montana
33%
Audi Q7
33%
Hyundai Azera
32%
Kia Cerato
32%
Ford F-1000
32%
BMW i8
32%
Fiat Linea
32%
Porsche Macan
32%
Chevrolet Monza
32%
Porsche Panamera
32%
Audi Q3
32%
Chevrolet Silverado
32%
Kia Sportage
32%
Chevrolet Trailblazer
32%
Peugeot 408
31%
Citroën C4 Cactus
31%
Hyundai Santa Fe
31%
Volkswagen Santana
31%
Nissan Sentra
31%
Chevrolet Vectra
31%
Hyundai Veloster
31%
BMW X3
31%
BMW Z4
31%
Honda City
30%
Ford F-150
30%
Ford Maverick
30%
Fiat Palio Weekend
30%
Chery Tiggo 7
30%
Audi A5
29%
Ford F-100
29%
Hyundai ix35
29%
Renault Oroch
29%
BMW X1
29%
Renault Captur
28%
Nissan Leaf
28%
Kia Soul
28%
Porsche Taycan
28%
Peugeot 308
27%
Ford Fiesta
27%
Fiat Pulse
27%
Nissan Versa
27%
Peugeot 3008
26%
Mercedes-Benz G63
26%
Fiat Grand Siena
26%
Renault Kardian
26%
Audi A1
25%
Land Rover Defender
25%
Hyundai Elantra
25%
Volvo XC40
25%
Citroën Xsara Picasso
25%
Honda Accord
24%
Ford Bronco
24%
Renault Fluence
24%
Jaguar F-Type
24%
BMW i3
24%
Hyundai Sonata
24%
Volkswagen Taos
24%
Jeep Cherokee
23%
Mitsubishi Pajero
23%
Honda WR-V
23%
Mercedes-Benz C180
21%
Chevrolet Equinox
21%
Honda Fit
21%
Ford Focus
21%
Jeep Wrangler
21%
Chevrolet Zafira
21%
Ford Belina
20%
Fiat Ducato
20%
Mitsubishi Eclipse Cross
20%
Ford Edge
20%
Peugeot 106
19%
Jaguar E-Pace
19%
Volkswagen Quantum
19%
Renault Zoe
19%
BMW 120i
18%
Peugeot 5008
18%
Dodge Durango
18%
Chevrolet Malibu
18%
Land Rover Range Rover Sport
18%
Hyundai Tucson
18%
Volvo XC90
18%
Chevrolet Blazer
17%
Toyota Fielder
17%
Renault Kangoo
17%
Nissan Livina
17%
Land Rover Freelander
16%
Peugeot RCZ
16%
Chevrolet Tigra
16%
Mitsubishi ASX
15%
Chevrolet Ipanema
15%
Volkswagen Touareg
15%
Volvo V40
15%
Hyundai Veracruz
15%
Dodge Caravan
14%
Mitsubishi 3000GT
13%
BMW M5
13%
Kia Optima
13%
Mitsubishi Outlander
13%
Fiat Panorama
13%
Peugeot Partner
13%
Volvo S60
13%
Volvo V60
13%
Mercedes-Benz A200
12%
Volvo C30
12%
Renault Symbol
12%
Kia Cadenza
11%
Renault Megane
11%
Kia Picanto
11%
BMW 535i
10%
Nissan Altima
10%
MINI Countryman
10%
Land Rover Ranger Rover Vogue
10%
Citroën Aircross
9%
Chevrolet Bolt
9%
Fiat Scudo
9%
BMW 118i
8%
Nissan Tiida
7%
Renault Twingo
7%
BMW 335i
6%
Hyundai Equus
6%
Hyundai Genesis
6%
Renault Scénic
6%
Citroën C4 Hatch
5%
Volkswagen Pointer
5%
Hyundai Atos
3%
Chevrolet Volt
2%
Nenhum quiz correspondente encontrado
Distribuição das Pontuações
Porcentagem de Pessoas com Cada Pontuação
Percentil de Números Respondidos
Sua Pontuação Histórica
Você não jogou esse quiz